Tratado de las enfermedades de las mujeres : (Record no. 41125)
[ view plain ]
| 000 -LEADER | |
|---|---|
| campo de control de longitud fija | 01040nam a2200229 i 4500 |
| 001 - NÚMERO DE CONTROL | |
| campo de control | 41125 |
| 003 - IDENTIFICADOR DE NÚMERO DE CONTROL | |
| campo de control | ES-MaACL |
| 005 - FECHA Y HORA DE LA ÚLTIMA TRANSACCIÓN | |
| campo de control | 20250822063116.0 |
| 007 - CAMPO FIJO DE DESCRIPCIÓN FÍSICA--INFORMACIÓN GENERAL | |
| campo de control de longitud fija | t| |
| 008 - DATOS DE LONGITUD FIJA--INFORMACIÓN GENERAL | |
| campo de control de longitud fija | 030310s1837 sp ||||1| spa d |
| 100 1# - ENTRADA PRINCIPAL--NOMBRE DE PERSONA | |
| Nombre de persona | Capuron, Joseph, |
| Fechas asociadas al nombre | 1767-1850 |
| 9 (RLIN) | 174472 |
| 245 10 - MENCIÓN DEL TÍTULO | |
| Título | Tratado de las enfermedades de las mujeres : |
| Resto del título | desde la edad de la pubertad hasta la crítica inclusive / |
| Mención de responsabilidad, etc. | escrito en francés por J. Capuron ; traducido por el Dr. D. Higinio Lorente. |
| 250 ## - MENCION DE EDICION | |
| Mención de edición | Nueva ed., puesta al nivel de los conocimientos actuales por el Dr. D. José Rodrigo. |
| 260 ## - PUBLICACIÓN, DISTRIBUCIÓN, ETC. | |
| Lugar de publicación, distribución, etc. | Madrid : |
| Nombre del editor, distribuidor, etc. | [s.n.], |
| Fecha de publicación, distribución, etc. | 1837 ( |
| Fabricante | Imp. que fue de Fuentenebro) |
| 300 ## - DESCRIPCIÓN FÍSICA | |
| Extensión | 2 v. (VIII, 287 ; 368 p.) ; |
| Dimensiones | 16 cm. |
| 530 ## - NOTA DISPONIBLE DE FORMULARIO FÍSICO ADICIONAL | |
| Nota de formato físico adicional disponible | Vol. 1 disponible en formato digital. |
| 650 #4 - PUNTO DE ACCESO ADICIONAL DE MATERIA--TÉRMINO DE MATERIA | |
| Término de materia o nombre geográfico como elemento de entrada | Ginecología. |
| 9 (RLIN) | 13119 |
| 700 1# - ENTRADA AGREGADA--NOMBRE PERSONAL | |
| Nombre de persona | Lorente, Higinio Antonio. |
| 9 (RLIN) | 74098 |
| 852 4# - LOCALIZACIÓN | |
| Ubicación | ES-MaACL |
| Número de control de estantería | G-10359-60 |
| 856 4# - LOCALIZACIÓN Y ACCESO ELECTRÓNICOS | |
| Identificador Uniforme de Recursos | <a href="http://bipadi.ub.edu/cdm/ref/collection/salutdona/id/126395 ">http://bipadi.ub.edu/cdm/ref/collection/salutdona/id/126395 </a> |
| Nota pública | Biblioteca Patrimonial Digital de la Universitat de Barcelona |
| -- | (V. 1) |
| Estatus retirado | Estado de pérdida | Estado de daño | No para préstamo | Colección | Biblioteca de origen | Biblioteca actual | Ubicación en estantería | Fecha de adquisición | Fuente de adquisición | Total de préstamos | Signatura topográfica completa | Código de barras | Visto por última vez | Precio de reemplazo | Tipo de ítem Koha |
|---|---|---|---|---|---|---|---|---|---|---|---|---|---|---|---|
| Colección digital | Biblioteca del Ateneo de Madrid | Biblioteca del Ateneo de Madrid | Sala Pecera Planta 3 | 17/01/2008 | G-10359-60 | 1043296 | 23/02/2023 | 23/02/2023 | Libro impreso antiguo |
